Analisis penggunaan Bahasa Tamil lisan dalam radio swasta /
Saved in:
| 主要作者: | |
|---|---|
| 格式: | Thesis 图书 |
| 语言: | Malay |
| 出版: |
2007.
|
| 主题: | |
| 标签: |
添加标签
没有标签, 成为第一个标记此记录!
|
| LEADER | 01209cam a2200289 a 4500 | ||
|---|---|---|---|
| 001 | u765251 | ||
| 003 | SIRSI | ||
| 005 | 200902121506 | ||
| 008 | 090212s2007 my t 000 0 may m | ||
| 040 | |a UMM |d UMB | ||
| 043 | |a a-my--- | ||
| 090 | |a PB12 |b UM 2007 Kom | ||
| 093 | |a PB12 |b UM 2007 Kom | ||
| 100 | 0 | |a Komathi Tolasi. | |
| 245 | 1 | 0 | |a Analisis penggunaan Bahasa Tamil lisan dalam radio swasta / |c Komathi Tolasi. |
| 260 | |c 2007. | ||
| 300 | |a xii, 157 leaves : |b ill. ; |c 30 cm. | ||
| 502 | |a Dissertation (M.M.L.S) -- Jabatan Bahasa-Bahasa Malaysia dan Linguistik Terapan, Fakulti Bahasa dan Linguistik, Universiti Malaya, 2008. | ||
| 504 | |a Bibliography: leaves 95-98. | ||
| 650 | 0 | |a Tamil language |z Malaysia |x Usage. | |
| 650 | 0 | |a Radio broadcasting |z Malaysia |x Language. | |
| 650 | 0 | |a Tamil language |x Spoken Tamil. | |
| 710 | |a Universiti Malaya. |b Jabatan Bahasa-bahasa Malaysia dan Linguistik Terapan. | ||
| 900 | |a ZSA | ||
| 596 | |a 1 6 | ||
| 999 | |a PB12 UM 2007 KOM |w LC |c 1 |i A513496193 |d 22/2/2019 |e 22/2/2019 |f 1/10/2009 |g 1 |l STACKS |m P01UTAMA |n 18 |r Y |s Y |t TESIS |u 30/6/2009 | ||
| 999 | |a PB12 UM 2007 KOM |w LC |c 1 |i A513199505 |d 18/12/2018 |e 18/12/2018 |f 17/7/2009 |g 1 |l STACKS |m P06BAHASA |n 9 |r Y |s Y |t TESIS |u 15/7/2009 | ||
